00903naa#a2200181#i#4500001001500000005001700015100004100032102000700073200016100080210016900241215001000410608006000420675006500480700005200545700005800597700004800655856001800703RU\\bibl\1942020260516094630.6##a20260515b2026####ek#y0rusy0150####ca##aRU1#aК ВОПРОСУ ЕСТЕСТВЕННОГО ЗАРАСТАНИЯ НАРУШЕННЫХ ЗЕМЕЛЬ ЦЧРeСтатья/тезисы конференции1#aВоронежcВоронежский государственный лесотехнический университет имени Г.Ф. Морозоваd2026##a8 с.##aСтатья/тезисы конференции2local##aЛесное хозяйство. Лесоводство. 630#1aДеденкоgТатьяна Петровна#1aГолядкинаgИнна Вячеславовна#1aАлиеваgЕлена Сергеевна4#abibl.vgltu.ru